LEADER 00925nam0-2200265 --450 001 9910445960203321 005 20210406094632.0 010 $a978-88-7892-386-7 100 $a20210406d2020----kmuy0itay5050 ba 101 0 $aita 102 $aIT 105 $ad a 001yy 200 1 $aCapitali europee della cultura nel Mediterraneo$eviaggio nelle cittą di mezzo$euna prospettiva antropologica sulle trasformazioni urbane da Genova e Marsiglia in poi$fMaria Elena Buslacchi 210 $aTorino$cL'harmattan Italia$d2020 215 $a191 p., 2 c. di tav.$d21 cm 225 1 $aLogiche sociali 610 0 $aCapitali [della] Cultura$aEuropa 700 1$aBuslacchi,$bMaria Elena$0792156 801 0$aIT$bUNINA$gREICAT$2UNIMARC 901 $aBK 912 $a9910445960203321 952 $aURB.LE A 237$b80/2021$fFARBc 959 $aFARBC 996 $aCapitali europee della cultura nel Mediterraneo$91771300 997 $aUNINA LEADER 02316nas 2200613- 450 001 996581477403316 005 20200619065117.6 011 $a2643-4202 035 $a(OCoLC)1099278496 035 $a(CKB)4920000000251076 035 $a(CONSER)--2019201232 035 $a(EXLCZ)994920000000251076 100 $a20190426a20uu9999 --- a 101 0 $aeng 135 $aur||||||||||| 181 $ctxt$2rdacontent 182 $cc$2rdamedia 183 $acr$2rdacarrier 200 10$a... Annual International Conference on Privacy, Security and Trust 210 1$aPiscataway, NJ :$cIEEE 517 1 $aPST 517 1 $aPrivacy, Security and Trust, PST, Annual Conference on 531 0 $aAnnu. Int. Conf. Priv. Secur. Trust 606 $aInformation technology$xSecurity measures$vCongresses 606 $aInternet$xAccess control$vCongresses 606 $aPrivacy, Right of$vCongresses 606 $aData protection$vCongresses 606 $aComputers$xAccess control$vCongresses 606 $aElectronic commerce$xSecurity measures$vCongresses 606 $aPrivacy, Right of$2fast$3(OCoLC)fst01077444 606 $aInternet$xAccess control$2fast$3(OCoLC)fst01766520 606 $aInformation technology$xSecurity measures$2fast$3(OCoLC)fst00973129 606 $aElectronic commerce$xSecurity measures$2fast$3(OCoLC)fst00906919 606 $aData protection$2fast$3(OCoLC)fst00887958 606 $aComputers$xAccess control$2fast$3(OCoLC)fst00872779 608 $aConference papers and proceedings.$2fast 615 0$aInformation technology$xSecurity measures 615 0$aInternet$xAccess control 615 0$aPrivacy, Right of 615 0$aData protection 615 0$aComputers$xAccess control 615 0$aElectronic commerce$xSecurity measures 615 7$aPrivacy, Right of. 615 7$aInternet$xAccess control. 615 7$aInformation technology$xSecurity measures. 615 7$aElectronic commerce$xSecurity measures. 615 7$aData protection. 615 7$aComputers$xAccess control. 676 $a004 712 02$aInstitute of Electrical and Electronics Engineers. 906 $aCONFERENCE 912 $a996581477403316 996 $a.. Annual International Conference on Privacy, Security and Trust$92961973 997 $aUNISA